Thơ Tản Đà : những lời bình /
Những bài viết về sự nghiệp văn chương của nhà thơ Tản Đà. Những bài viết về bài thơ gây nhiều tranh cãi: Thề non nước của Tản Đà.
Wedi'i Gadw mewn:
| Awduron Eraill: | |
|---|---|
| Fformat: | Llyfr |
| Iaith: | Vietnamese |
| Cyhoeddwyd: |
Hà Nội :
Văn hoá thông tin,
2000.
|
| Pynciau: | |
| Tagiau: |
Ychwanegu Tag
Dim Tagiau, Byddwch y cyntaf i dagio'r cofnod hwn!
|
| Thư viện lưu trữ: | Mạng thư viện Đại học Đà Nẵng |
|---|
| LEADER | 01240cam a2200385 i 4500 | ||
|---|---|---|---|
| 001 | 000046774 | ||
| 003 | 6282 | ||
| 005 | 20040507072844.0 | ||
| 008 | 010306b2000 vm 000 vie | ||
| 020 | |c 46000 | ||
| 022 | |a T | ||
| 040 | |a IRC |c IRC |d IRC | ||
| 041 | 0 | |a vie | |
| 082 | 1 | 4 | |a 895.92132 |b Th-T |
| 245 | 0 | 0 | |a Thơ Tản Đà : |b những lời bình / |c Phạm Xuân Thạch tuyển chọn và biên soạn. |
| 260 | |a Hà Nội : |b Văn hoá thông tin, |c 2000. | ||
| 300 | |a 536tr. ; |c 19cm. | ||
| 520 | 3 | |a Những bài viết về sự nghiệp văn chương của nhà thơ Tản Đà. Những bài viết về bài thơ gây nhiều tranh cãi: Thề non nước của Tản Đà. | |
| 600 | 1 | 5 | |a Tản Đà, |d 1884-1939 |x Thơ. |
| 630 | 0 | 4 | |a Phê bình văn học. |
| 630 | 0 | 4 | |a Văn học Việt. |
| 630 | 0 | 4 | |a Tản Đà. |
| 650 | 0 | 4 | |a Thi ca Việt |x Phê bình. |
| 650 | 0 | 4 | |a Tản Đà, |d 1884-1939 |x Thơ. |
| 700 | 1 | |a Phạm Xuân Thạch, |e tuyển chọn và biên soạn. | |
| OWN | |a DUT | ||
| 999 | |a From the UDN01 | ||
| TYP | |a Monograph | ||
| TYP | |a Printed language | ||
| 980 | |a Mạng thư viện Đại học Đà Nẵng | ||